000 01035nas a2200313 4500
001 BR2012001848
003 BR-BrBNA
005 20231205120316.0
007 ta
008 230509b bl.|||p| |||| 00| 00por d
040 _aBR-BrBNA
_bpor
_cBiblioteca Nacional de Agricultura
041 _a(Pt)
072 _aL70; L74
100 1 _aBacellar, M.
100 1 _aMontiani-Ferreira, F.
100 1 _aSomma, A.T.
100 1 _aParchen, H.D.
100 1 _aVilani, R.G.D. de C.
245 1 _aEletrorretinografia em cães como exame pré-operatório de catarata matura e hipermatura - Um estudo retrospectivo
650 _aCÃO
650 _aDIAGNÓSTICO
650 _aVETERINÁRIA
650 _aDISTÚRBIO FISIOLÓGICO
650 _aCATARATA
650 _aDOENÇA ANIMAL
773 0 _tMedvep. Revista Científica de Medicina Veterinária. Pequenos Animais e Animais de Estimação (Brazil)
_xISSN 1678-1430
_g(2009), v. 7(22) p. 330-334
_wBR2012001848
909 _a202311
_bLúcia
_c55
_dLúcia Elande
942 _2AGRIS
_n0
_cANA
999 _c217876
_d217876